000 01122nam a2200241Ia 4500
999 _c38816
_d38816
001 5205
003 GE_BSU
005 20190501154542.0
008 181216s1964||||ge |||||||||||||| ||geo||
040 _cGE_BSU
041 _ageo
080 _a624.011.1 ხ-51
245 _aხის კონსტრუქციები (დაგეგმარების მაგალითები) :
_bდამხმ. სახელმძღვ. /
_c დ.დოლიძე, ი. ბერიშვილი, კ. ურიდია, ვ. ჯავახიშვილი.
245 _b.
264 _aთბილისი :
_bცოდნა,
_c1964.
300 _a171 გვ. :
_bნახაზები, დანართებ ;
_c27 სმ.
653 _aხის კონსტრუქციები
700 _aდოლიძე, დ.
_eავტორი
_9452
700 _a ბერიშვილი, ი.
_eავტორი
_9592
700 _aურიდია, კ.
_eავტორი
_9593
700 _aჯავახიშვილი, ვ.
_eავტორი
_9594
942 _cBK
_2udc